Statistics for Brooklyn Nets Trivia

Click here to take the quiz!

General Stats

  • This quiz has been taken 2,051 times
    (1,456 since last reset)
  • The average score is 9 of 11

Answer Stats

FactAnswer% Correct
Bearded star sent to Philadelphia in 2022James Harden
98%
Former player (2019–2023) who thinks the world may be flat, but isn't sureKyrie Irving
98%
Curry brother who played in Brooklyn{Seth} Curry
98%
Star player sent to Phoenix in early 2023Kevin Durant
97%
Nets legend who dunked from the free throw line in the 1976 ABA dunk contestJulius Erving
93%
State which the team called home before moving to BrooklynNew Jersey
88%
"Half man - half amazing" star traded from the Raptors to the Nets in 2004Vince Carter
85%
Center who became the Nets all-time scoring leader in 2017 - and then
was traded a month later
Brook Lopez
78%
Player who recorded 60 triple doubles from 2001–2008Jason Kidd
78%
#1 overall NBA draft pick in 2000Kenyon Martin
41%
Goggle-wearing forward who was the team's best player in the 1980sBuck Williams
26%

Score Distribution

Percentile by Number Answered

Percent of People with Each Score

Your Score History

You have not taken this quiz since the last reset